5HLuxD.jpg

KING HENRY VIII SENIOR AND PRIMARY SCHOOL LIBRARY OPAC

If Only You Remember/ (Record no. 5894)

000 -LEADER
fixed length control field 00482nam a22001817a 4500
003 - CONTROL NUMBER IDENTIFIER
control field OSt
005 - DATE AND TIME OF LATEST TRANSACTION
control field 20251127094256.0
008 - FIXED-LENGTH DATA ELEMENTS--GENERAL INFORMATION
fixed length control field 251127b ||||| |||| 00| 0 eng d
020 ## - INTERNATIONAL STANDARD BOOK NUMBER
International Standard Book Number 9786297665061
040 ## - CATALOGING SOURCE
Transcribing agency KH8
082 ## - DEWEY DECIMAL CLASSIFICATION NUMBER
Classification number FIC NOR
100 ## - MAIN ENTRY--PERSONAL NAME
Personal name Norhafsah Hamid,
Relator term author.
245 ## - TITLE STATEMENT
Title If Only You Remember/
Statement of responsibility, etc. Norhafsah Hamid.
260 ## - PUBLICATION, DISTRIBUTION, ETC.
Place of publication, distribution, etc. Selangor ;
Name of publisher, distributor, etc. Iman Publication Sdn Bhd ,
Date of publication, distribution, etc. 2024.
300 ## - PHYSICAL DESCRIPTION
Extent 306 pages :
Dimensions 19 cm.
650 ## - SUBJECT ADDED ENTRY--TOPICAL TERM
Topical term or geographic name entry element Love story
Form subdivision fiction
942 ## - ADDED ENTRY ELEMENTS (KOHA)
Source of classification or shelving scheme
Koha item type Books - Fiction
Holdings
Withdrawn status Lost status Source of classification or shelving scheme Damaged status Not for loan Collection code Permanent Location Current Location Shelving location Date acquired Full call number Barcode Date last seen Price effective from Koha item type
          Fiction KH8 Senior School Library KH8 Senior School Library Fiction 2025-11-27 FIC NOR 3KHSL000102544 2025-11-27 2025-11-27 Books - Fiction

Powered By KH8 IT Dept